| 000 | 01627nam a22002537a 4500 | ||
|---|---|---|---|
| 003 | AUA.1 | ||
| 005 | 20130424115811.0 | ||
| 008 | 130319t xxu||||| |||| 00| 0 eng d | ||
| 040 | _cA1 | ||
| 050 |
_aBT155 _b.H36 2006 |
||
| 100 |
_aHanko, Herman _932509 |
||
| 245 |
_aKeeping God's covenant. / _cHerman Hanko and David J. Engelsma. |
||
| 260 |
_a[England?] : _bBritish Reformed Fellowship, _cc2006. |
||
| 300 |
_avi, 94 p. ; _c22 cm. |
||
| 500 | _a"The six chapters of this book were originally the six main addresses at the 2004 British Reformed Fellowship (BRF) Biennial Family Conference at High Leigh, Hertfordshire, England." | ||
| 650 |
_aCovenant Theology _932510 |
||
| 700 |
_aEngelsma, David J. _932511 |
||
| 942 |
_2lcc _cBOOK _hBT 155 _i.H36 2006 |
||
| 999 |
_c9375 _d9375 |
||